The Fantastic Four - Trivia - Statistics

General Stats
  • This quiz has been taken 206 times
  • The average score is 16 of 20
Answer Stats
Hint Answer % Correct
Mr. Fantastic
98%
Thing
97%
Human Torch
94%
Invisible Woman
93%
Spacefaring herald of ⭡. He debuted in comic Fantastic Four #48 Silver Surfer
92%
Archenemy with metal mask and green hooded cloak Doctor Doom
90%
Cosmic entity who consumes planets to sustain his life force Galactus
88%
Stretchy scientific genius, the father figure of the group Reed Richards
88%
Young brother of the previous one, he can control fire Johnny Storm
87%
City the Fantastic Four live in New York City
84%
His lover, later his wife, she can control light and create shields Susan Storm
84%
Comic book company Marvel Comics
83%
Orange, rock-like humanoid with superhuman strength Ben Grimm
82%
Vengeful sea-dwelling prince, enemy turned ally Namor the Sub-Mariner
82%
Creators of these heroes Stan Lee
81%
Race of alien shapeshifters first appearing in Fantastic Four #2 The Skrulls
67%
Recurring foe who lives in the underground realm of Subterranea Mole Man
65%
Their headquarters are located in this building Baxter Building
61%
Creators of these heroes Jack Kirby
53%
They gained their powers following exposure to these rays Cosmic rays
49%
No matching quizzes found
Score Distribution
Percent of People with Each Score
Percentile by Number Answered
Your Score History
You have not taken this quiz